[Event "ESP-chT Rapid"]
[Site "Toledo"]
[Date "2022.09.25"]
[Round "8"]
[White "Clement Gomez, Jose Antonio"]
[Black "Garcia Moreno, Carlos"]
[Result "0-1"]
[WhiteElo "2349"]
[BlackElo "2268"]
[PlyCount "54"]
[EventDate "2022.09.24"]
[EventType "team-swiss (rapid)"]
[EventRounds "9"]
[EventCountry "ESP"]
[SourceTitle "CBM 210 Extra"]
[Source "ChessBase"]
[SourceDate "2022.11.30"]
[SourceVersion "1"]
[SourceVersionDate "2022.11.30"]
[SourceQuality "1"]
[WhiteTeam "Enric Valor CC"]
[BlackTeam "Tomelloso"]
[WhiteTeamCountry "ESP"]
[BlackTeamCountry "ESP"]

1. c4 e5 2. g3 Nf6 3. Bg2 d5 4. cxd5 Nxd5 5. Nf3 Nc6 6. 0-0 Nb6 7. b3 g6 8. Nc3 Bg7 9. Ba3 a5 10. Rc1 Nb4 11. Ne1 0-0 12. Nc2 Qe7 13. d3 Bh6 14. e3 Rd8 15. Qe2 c6 16. d4 exd4 17. Nxd4 Rxd4 18. exd4 Qxe2 19. Nxe2 Bxc1 20. Nxc1 Bf5 21. Bb2 a4 22. a3 Nd3 23. Nxd3 Bxd3 24. Re1 axb3 25. Re7 Rb8 26. d5 Nc4 27. dxc6 bxc6 0-1

[Event "Roquetas de Mar op 19th"]
[Site "Roquetas de Mar"]
[Date "2008.01.05"]
[Round "7"]
[White "Clement Gomez, Jose Antonio"]
[Black "Cifuentes Parada, Roberto"]
[Result "0-1"]
[WhiteElo "2321"]
[BlackElo "2520"]
[PlyCount "94"]
[EventDate "2008.01.02"]
[EventType "swiss"]
[EventRounds "9"]
[EventCountry "ESP"]
[SourceTitle "CBM 122 Extra"]
[Source "ChessBase"]
[SourceDate "2008.03.04"]
[SourceVersion "1"]
[SourceVersionDate "2008.03.04"]
[SourceQuality "1"]

1. c4 c6 2. Nf3 d5 3. g3 dxc4 4. Bg2 b5 5. Qc2 Bb7 6. b3 cxb3 7. axb3 e6 8. d4 Nf6 9. 0-0 Nbd7 10. Nbd2 c5 11. Ba3 Rc8 12. Qd3 a6 13. e4 Be7 14. e5 Nd5 15. Ne4 b4 16. Bc1 cxd4 17. Bg5 f6 18. exf6 gxf6 19. Bh6 Qb6 20. Rfe1 e5 21. Nh4 Nc3 22. Nf5 Nxe4 23. Bxe4 Nc5 24. Qf3 Nxe4 25. Rxe4 Bxe4 26. Qxe4 Bf8 27. Qg4 Rc7 28. Qh5+ Kd8 29. Bd2 Qe6 30. Qf3 Bc5 31. Qa8+ Rc8 32. Qe4 Rf8 33. Qd3 Rc6 34. Ng7 Qd7 35. Rxa6 Rxa6 36. Qxa6 Ke7 37. Qc4 Rc8 38. Qd3 Rc7 39. Qxh7 Kd6 40. Nf5+ Kc6 41. Qg6 Qf7 42. Qh6 Kb7 43. h4 Bf8 44. Qh8 Rc8 45. Bh6 Qg6 46. Bxf8 Qxf5 47. Qh6 Rc2 0-1

[Event "Jorge Alvarez Memorial 13th"]
[Site "El Ejido"]
[Date "2007.07.10"]
[Round "2"]
[White "Clement Gomez, Jose Antonio"]
[Black "Arboledas Fernandez, Antonio A"]
[Result "0-1"]
[WhiteElo "2315"]
[BlackElo "2019"]
[PlyCount "64"]
[EventDate "2007.07.09"]
[EventType "swiss"]
[EventRounds "9"]
[EventCountry "ESP"]
[SourceTitle "EXT 2008"]
[Source "ChessBase"]
[SourceDate "2007.11.25"]
[SourceVersion "1"]
[SourceVersionDate "2007.11.25"]
[SourceQuality "1"]

1. c4 e6 2. Nf3 f5 3. g3 Nf6 4. Bg2 d5 5. 0-0 Bd6 6. b3 Qe7 7. Nc3 c6 8. d3 0-0 9. Qc2 e5 10. cxd5 cxd5 11. Nb5 Nc6 12. Nxd6 Qxd6 13. Bb2 Bd7 14. Rac1 e4 15. dxe4 fxe4 16. Nd4 Qb4 17. Qd1 Kh8 18. Nc2 Qa5 19. a3 Be6 20. b4 Qb6 21. Nd4 Bd7 22. Nb3 Rad8 23. Bxf6 Rxf6 24. Rc5 Be6 25. Nd4 Bg8 26. Nxc6 bxc6 27. Qd4 Qa6 28. Qb2 Rdf8 29. f3 exf3 30. Bxf3 Be6 31. Rfc1 Bh3 32. R1c3 Rxf3 0-1

[Event "Benidorm op 20th"]
[Site "Benidorm"]
[Date "2007.04.24"]
[Round "3"]
[White "Clement Gomez, Jose Antonio"]
[Black "Strikovic, Aleksa"]
[Result "1-0"]
[WhiteElo "2357"]
[BlackElo "2563"]
[PlyCount "56"]
[EventDate "2007.04.23"]
[EventType "swiss"]
[EventRounds "10"]
[EventCountry "ESP"]
[SourceTitle "CBM 118 Extra"]
[Source "ChessBase"]
[SourceDate "2007.07.04"]
[SourceVersion "1"]
[SourceVersionDate "2007.07.04"]
[SourceQuality "1"]

1. c4 e5 2. Nc3 Nf6 3. Nf3 Nc6 4. g3 d5 5. cxd5 Nxd5 6. Bg2 Nb6 7. 0-0 Be7 8. Rb1 0-0 9. b4 f6 10. d4 exd4 11. Nb5 Be6 12. a3 d3 13. exd3 Nd5 14. Bb2 Qd7 15. Nbd4 Nxd4 16. Nxd4 Bf7 17. Qf3 g6 18. Rfe1 Rfe8 19. Re4 c6 20. g4 Nc7 21. Qg3 Bd5 22. Re3 Bd6 23. Qh4 Rxe3 24. fxe3 Be5 25. Bf1 Re8 26. Rd1 Nb5 27. a4 Nxd4 28. exd4 Bxd4+ 1-0

[Event "La Roda op 33rd"]
[Site "La Roda"]
[Date "2006.04.15"]
[Round "7"]
[White "Clement Gomez, Jose Antonio"]
[Black "Bueno Martin, Pablo"]
[Result "1/2-1/2"]
[WhiteElo "2339"]
[BlackElo "2152"]
[PlyCount "46"]
[EventDate "2006.04.12"]
[EventType "swiss"]
[EventRounds "9"]
[EventCountry "ESP"]
[SourceTitle "CBM 111 Extra"]
[Source "ChessBase"]
[SourceDate "2006.05.09"]
[SourceVersion "1"]
[SourceVersionDate "2006.05.09"]
[SourceQuality "1"]

1. c4 Nf6 2. Nc3 e5 3. Nf3 Nc6 4. g3 d5 5. cxd5 Nxd5 6. Bg2 Nb6 7. 0-0 Be7 8. d3 0-0 9. a3 Be6 10. b4 f6 11. Be3 Nd5 12. Rc1 Nxc3 13. Rxc3 Nd4 14. Rc1 c6 15. Bxd4 exd4 16. Qd2 Qd6 17. Qb2 Rad8 18. Nd2 f5 19. Nb3 Bxb3 20. Qxb3+ Kh8 21. Bf3 Rd7 22. Rc4 g5 23. h3 h5 1/2-1/2

[Event "La Roda op 33rd"]
[Site "La Roda"]
[Date "2006.04.14"]
[Round "5.20"]
[White "Clement Gomez, Jose Antonio"]
[Black "Vaya Gomez, Alejandro"]
[Result "1-0"]
[WhiteElo "2339"]
[BlackElo "2167"]
[PlyCount "87"]
[EventDate "2006.04.12"]
[EventType "swiss"]
[EventRounds "9"]
[EventCountry "ESP"]
[SourceTitle "CBM 111 Extra"]
[Source "ChessBase"]
[SourceDate "2006.05.09"]
[SourceVersion "1"]
[SourceVersionDate "2006.05.09"]
[SourceQuality "1"]

1. c4 g6 2. Nc3 Bg7 3. g3 c5 4. Bg2 Nc6 5. e3 d6 6. Nge2 e5 7. 0-0 Nge7 8. a3 0-0 9. Nd5 Be6 10. h3 f5 11. d3 Qd7 12. Kh2 Rab8 13. Nec3 Kh8 14. Rb1 Bxd5 15. cxd5 Nd8 16. a4 Nf7 17. f4 b6 18. Bd2 Rfc8 19. b3 a6 20. Qe2 b5 21. axb5 axb5 22. Rfc1 Rc7 23. Rc2 Rbc8 24. Ra2 Rb8 25. Ra5 Rcb7 26. Be1 Qc7 27. Qa2 exf4 28. gxf4 Ng8 29. Ne2 Qe7 30. Bd2 Nf6 31. Ng3 Qc7 32. Bc1 Re8 33. Nf1 h6 34. Bb2 g5 35. Qa1 Qe7 36. Ng3 Qxe3 37. Bxf6 Qxf4 38. Bxg7+ Kg8 39. Ra8 Rbe7 40. Bf6 Re3 41. Rxe8+ Rxe8 42. Rf1 Qd2 43. Rxf5 Qxd3 44. Qa7 1-0

[Event "Valencia-chT Div Honor"]
[Site "Alfas del Pi"]
[Date "2005.01.22"]
[Round "1.2"]
[White "Castella Garcia, Fausto"]
[Black "Clement Gomez, Jose Antonio"]
[Result "0-1"]
[WhiteElo "2414"]
[BlackElo "2341"]
[PlyCount "72"]
[EventDate "2005.01.22"]
[EventType "team-tourn"]
[EventRounds "10"]
[EventCountry "ESP"]
[SourceTitle "CBM 104 Extra"]
[Source "ChessBase"]
[SourceDate "2005.03.01"]
[SourceVersion "1"]
[SourceVersionDate "2005.03.01"]
[SourceQuality "1"]

1. e4 c5 2. Nf3 d6 3. d4 cxd4 4. Nxd4 Nf6 5. Nc3 Nc6 6. Bg5 e6 7. Qd2 h6 8. Bxf6 gxf6 9. 0-0-0 a6 10. f4 Bd7 11. Be2 h5 12. Kb1 Be7 13. Rhe1 Qb6 14. Nb3 Qf2 15. f5 0-0-0 16. Rf1 Qb6 17. Na4 Qa7 18. Na5 b5 19. Nxc6 Bxc6 20. Nc3 b4 21. Nd5 exd5 22. exd5 Bb7 23. Qxb4 Kb8 24. Rf3 a5 25. Qe4 Rd7 26. Rb3 Rc7 27. Bb5 Rg8 28. h3 Kc8 29. a3 Qf2 30. g4 hxg4 31. hxg4 Bd8 32. Rd4 Rc5 33. Bc6 Ba6 34. Ra4 Rh8 35. g5 Qf1+ 36. Ka2 Rh1 0-1

[Event "Narciso Yepes Memorial"]
[Site "Lorca"]
[Date "2005.??.??"]
[Round "?"]
[White "Clement Gomez, Jose Antonio"]
[Black "Fernandez Losada, Daniel"]
[Result "1-0"]
[WhiteElo "2337"]
[BlackElo "2108"]
[PlyCount "95"]
[EventDate "2005.07.01"]
[EventType "swiss"]
[EventRounds "9"]
[EventCountry "ESP"]
[SourceTitle "CBM 107 Extra"]
[Source "ChessBase"]
[SourceDate "2005.09.01"]
[SourceVersion "1"]
[SourceVersionDate "2005.09.01"]
[SourceQuality "1"]

1. c4 e5 2. Nc3 Nc6 3. g3 g6 4. Bg2 Bg7 5. Rb1 a5 6. a3 Rb8 7. b4 axb4 8. axb4 b6 9. b5 Na5 10. d3 Ne7 11. e3 d6 12. Nge2 Be6 13. Nd5 0-0 14. 0-0 h5 15. Nxe7+ Qxe7 16. Nc3 Qd7 17. Nd5 Kh7 18. h4 f5 19. Bd2 Nb7 20. Ra1 Nc5 21. Nb4 f4 22. Ra7 Bh3 23. exf4 Bxg2 24. Kxg2 Ra8 25. Rxa8 Rxa8 26. fxe5 dxe5 27. Be3 Ra3 28. Bxc5 bxc5 29. Nd5 Qf5 30. Ne3 Qd7 31. Nd5 Qf5 32. Qf3 Rxd3 33. Qxf5 gxf5 34. Ne7 e4 35. Nd5 Rb3 36. Ne7 f4 37. gxf4 Bf6 38. Nd5 Bd4 39. Re1 Rb2 40. Ne3 Kg6 41. Kg3 Rb3 42. f5+ Kf6 43. Kf4 Rb2 44. Rf1 Bxe3+ 45. fxe3 Rh2 46. Kxe4 Rxh4+ 47. Kd5 Rh3 48. e4 1-0

[Event "Albacete op 12th"]
[Site "Albacete"]
[Date "2004.09.07"]
[Round "9"]
[White "Clement Gomez, Jose Antonio"]
[Black "Belezky, Alexander"]
[Result "1-0"]
[WhiteElo "2316"]
[BlackElo "2413"]
[PlyCount "73"]
[EventDate "2004.09.01"]
[EventType "swiss"]
[EventRounds "9"]
[EventCountry "ESP"]
[SourceTitle "CBM 102 Extra"]
[Source "ChessBase"]
[SourceDate "2004.11.03"]
[SourceVersion "1"]
[SourceVersionDate "2004.11.03"]
[SourceQuality "1"]

1. c4 e5 2. Nc3 Bb4 3. Nd5 Ba5 4. b4 c6 5. bxa5 cxd5 6. cxd5 Nf6 7. Qa4 0-0 8. e4 d6 9. Ba3 Ne8 10. d4 f5 11. dxe5 fxe4 12. Ne2 Rf5 13. Ng3 Rxe5 14. Bb2 Re7 15. Be2 Bd7 16. Qb4 Na6 17. Bxa6 bxa6 18. 0-0 Rb8 19. Qd2 Nc7 20. a4 Rb3 21. Rfe1 Qb8 22. Qg5 Rf7 23. Bd4 Qb4 24. Bxa7 h6 25. Qd8+ Ne8 26. Nxe4 Kh7 27. Qh4 Kg8 28. Qd8 Kh7 29. Bb6 Bxa4 30. h3 Nf6 31. Nxf6+ Rxf6 32. Qe7 Bb5 33. Re4 Rb1+ 34. Kh2 Qb3 35. Rg4 Rg6 36. Rxg6 Kxg6 37. Qe4+ 1-0

[Event "Albacete op 12th"]
[Site "Albacete"]
[Date "2004.09.06"]
[Round "8"]
[White "Camacho Calle, Pedro"]
[Black "Clement Gomez, Jose Antonio"]
[Result "0-1"]
[WhiteElo "2168"]
[BlackElo "2316"]
[PlyCount "72"]
[EventDate "2004.09.01"]
[EventType "swiss"]
[EventRounds "9"]
[EventCountry "ESP"]
[SourceTitle "CBM 102 Extra"]
[Source "ChessBase"]
[SourceDate "2004.11.03"]
[SourceVersion "1"]
[SourceVersionDate "2004.11.03"]
[SourceQuality "1"]

1. Nf3 c5 2. b3 d5 3. e3 Nc6 4. Bb5 Bd7 5. Bb2 Nf6 6. 0-0 e6 7. d3 Be7 8. Nbd2 0-0 9. Bxc6 Bxc6 10. Ne5 Rc8 11. Nxc6 Rxc6 12. Nf3 Nd7 13. c4 Bf6 14. Qc2 Qc7 15. Rac1 Rd8 16. Rfd1 Bxb2 17. Qxb2 dxc4 18. dxc4 Rd6 19. Rxd6 Qxd6 20. Qd2 Ne5 21. Qxd6 Nxf3+ 22. gxf3 Rxd6 23. Rc2 e5 24. Kf1 Kf8 25. Ke2 Ke7 26. Rd2 Rxd2+ 27. Kxd2 Kf6 28. Ke2 Kg5 29. Kf1 Kh4 30. Kg2 f5 31. h3 g5 32. Kh2 e4 33. fxe4 fxe4 34. a3 a5 35. Kg2 g4 36. hxg4 Kxg4 0-1

[Event "Albacete op 12th"]
[Site "Albacete"]
[Date "2004.09.04"]
[Round "6"]
[White "Del Rio de Angelis, Salvador Gabriel"]
[Black "Clement Gomez, Jose Antonio"]
[Result "1-0"]
[WhiteElo "2502"]
[BlackElo "2316"]
[PlyCount "41"]
[EventDate "2004.09.01"]
[EventType "swiss"]
[EventRounds "9"]
[EventCountry "ESP"]
[SourceTitle "CBM 102 Extra"]
[Source "ChessBase"]
[SourceDate "2004.11.03"]
[SourceVersion "1"]
[SourceVersionDate "2004.11.03"]
[SourceQuality "1"]

1. c4 c5 2. Nf3 Nf6 3. Nc3 b6 4. g3 Bb7 5. Bg2 d5 6. cxd5 Nxd5 7. 0-0 e6 8. d4 Nd7 9. e4 Nxc3 10. bxc3 cxd4 11. cxd4 Bxe4 12. Re1 Bd5 13. Ng5 Bxg2 14. Kxg2 Be7 15. d5 Bxg5 16. dxe6 fxe6 17. Rxe6+ Be7 18. Bg5 0-0 19. Bxe7 Qe8 20. Qd5 Rf7 21. Ba3 1-0

[Event "Autonomico-chT"]
[Site "Aragon"]
[Date "2003.??.??"]
[Round "?"]
[White "Garcia Roman, Daniel"]
[Black "Clement Gomez, Jose Antonio"]
[Result "1-0"]
[WhiteElo "2353"]
[BlackElo "2313"]
[PlyCount "87"]
[EventDate "2003.??.??"]
[EventType "team-tourn"]
[EventRounds "9"]
[EventCountry "ESP"]
[SourceTitle "EXT 2007"]
[Source "ChessBase"]
[SourceDate "2006.11.23"]
[SourceVersion "1"]
[SourceVersionDate "2006.11.23"]
[SourceQuality "1"]

1. c4 c5 2. Nc3 Nf6 3. g3 d5 4. cxd5 Nxd5 5. Bg2 Nc7 6. d3 e5 7. Nf3 Nc6 8. 0-0 Be7 9. Be3 0-0 10. Nd2 Be6 11. Bxc6 bxc6 12. Qa4 Nd5 13. Qxc6 Rb8 14. Bxc5 Rxb2 15. Nce4 Qb8 16. Bxe7 Nxe7 17. Qc5 Nf5 18. e3 Rc8 19. Qa3 Rcc2 20. Rfb1 h6 21. Rxb2 Rxb2 22. Nb3 Rc2 23. Rc1 Qc8 24. Nec5 Bxb3 25. axb3 Nh4 26. Rxc2 Qh3 27. f3 Nxf3+ 28. Kf2 Nxh2 29. Ke2 Qg2+ 30. Kd1 Qg1+ 31. Kd2 Nf1+ 32. Kc3 Nxe3 33. Qc1 Qxg3 34. Ne4 Nd5+ 35. Kb2 Qxd3 36. Rc8+ Kh7 37. Qc2 Qd4+ 38. Nc3+ g6 39. Rd8 Qxc3+ 40. Qxc3 Nxc3 41. Kxc3 h5 42. Rd7 Kg7 43. Rxa7 h4 44. b4 1-0

[Event "Elche"]
[Site "Elche"]
[Date "1999.03.21"]
[Round "3"]
[White "Perez Candelario, Manuel"]
[Black "Clement Gomez, Jose Antonio"]
[Result "0-1"]
[WhiteElo "2172"]
[BlackElo "2305"]
[PlyCount "84"]
[EventDate "1999.03.19"]
[EventType "tourn"]
[EventRounds "9"]
[EventCountry "ESP"]
[EventCategory "4"]
[SourceTitle "EXT 2001"]
[Source "ChessBase"]
[SourceDate "2000.11.22"]
[SourceVersion "1"]
[SourceVersionDate "2000.11.22"]
[SourceQuality "1"]

1. e4 c5 2. d3 Nc6 3. g3 d5 4. exd5 Qxd5 5. Nf3 Bg4 6. Bg2 Nd4 7. Nbd2 Nf6 8. 0-0 Qh5 9. c3 Nc6 10. Qb3 0-0-0 11. d4 Be6 12. Qa4 Bh3 13. dxc5 Bxg2 14. Kxg2 e5 15. Re1 Bxc5 16. b4 Bd6 17. b5 Nb8 18. Qxa7 Rhe8 19. Nc4 Bc7 20. Ba3 e4 21. Nd4 Ng4 22. Rh1 e3 23. Nxe3 Nxe3+ 24. fxe3 Rxe3 25. Qc5 Re5 26. Qc4 Rxd4 27. cxd4 Re2+ 28. Qxe2 Qxe2+ 29. Kh3 Qh5+ 30. Kg2 Qd5+ 31. Kh3 Qf5+ 32. Kg2 Nd7 33. Rhe1 Nf6 34. Rac1 Kd8 35. Bc5 b6 36. Be7+ Kd7 37. Bf8 Nd5 38. Bxg7 f6 39. Bf8 h5 40. Re2 h4 41. Rce1 hxg3 42. hxg3 Qg4 0-1

[Event "Zaragoza op-B"]
[Site "Zaragoza"]
[Date "1995.??.??"]
[Round "5"]
[White "Clement Gomez, Jose Antonio"]
[Black "Campos Lopez, Mario"]
[Result "0-1"]
[WhiteElo "2250"]
[BlackElo "2325"]
[PlyCount "36"]
[EventDate "1995.06.??"]
[EventType "swiss"]
[EventRounds "9"]
[EventCountry "ESP"]
[SourceTitle "EXT 1997"]
[Source "ChessBase"]
[SourceDate "1996.11.15"]
[SourceVersion "1"]
[SourceVersionDate "1996.11.15"]
[SourceQuality "1"]

1. d4 Nf6 2. c4 e6 3. Nf3 c5 4. g3 d5 5. Bg2 cxd4 6. Nxd4 e5 7. Nf3 d4 8. 0-0 Nc6 9. e3 Bc5 10. exd4 exd4 11. Re1+ Be6 12. Ng5 0-0 13. Nxe6 fxe6 14. Rxe6 d3 15. Be3 Nd4 16. Re5 Ne2+ 17. Kh1 Bxe3 18. Rxe3 Ng4 0-1

[Event "ESP-chTa"]
[Site "Spain"]
[Date "1995.??.??"]
[Round "3"]
[White "Clement Gomez, Jose Antonio"]
[Black "Romero Holmes, Alfonso"]
[Result "1/2-1/2"]
[WhiteElo "2250"]
[BlackElo "2435"]
[PlyCount "110"]
[EventDate "1995.??.??"]
[EventType "team-tourn"]
[EventRounds "9"]
[EventCountry "ESP"]
[SourceTitle "EXT 2000"]
[Source "ChessBase"]
[SourceDate "1999.11.16"]
[SourceVersion "1"]
[SourceVersionDate "1999.11.16"]
[SourceQuality "1"]

1. d4 Nf6 2. c4 g6 3. Nc3 Bg7 4. e4 d6 5. f4 0-0 6. Nf3 Na6 7. Bd3 e5 8. fxe5 dxe5 9. d5 c6 10. 0-0 cxd5 11. cxd5 Ne8 12. Qe2 Nac7 13. Bg5 f6 14. Bh4 Qe7 15. Kh1 Nd6 16. Nd2 Bd7 17. a4 Bh6 18. Nc4 Nce8 19. Bf2 Nxc4 20. Bxc4 Nd6 21. Bc5 Rac8 22. Ba3 Rf7 23. Bb5 a6 24. Bd3 Kh8 25. Qf2 Bf8 26. Qa7 Be8 27. Rac1 Qd8 28. Qf2 Bd7 29. Qe2 Qb6 30. Ra1 Be7 31. Bc2 Qd8 32. Nd1 Nc4 33. Bxe7 Qxe7 34. Bd3 Nd6 35. Ne3 f5 36. Nc4 f4 37. Nb6 Rc7 38. Rac1 Qd8 39. a5 h5 40. Qd2 Be8 41. Qb4 Bb5 42. Rc3 Bxd3 43. Rxd3 Rc2 44. Rd2 Rfc7 45. b3 R2c5 46. Nc4 Nxc4 47. bxc4 Rxc4 48. Qb6 Kg7 49. d6 Rd7 50. Qb3 Qxa5 51. Rd5 Qc3 52. Qb1 Qc2 53. Qa1 Qc3 54. Qb1 Qc2 55. Qa1 Qc3 1/2-1/2

[Event "ESP-chT"]
[Site "Cordoba"]
[Date "1995.??.??"]
[Round "6"]
[White "Gomez Rebollo, Alfonso Carlos"]
[Black "Clement Gomez, Jose Antonio"]
[Result "0-1"]
[WhiteElo "2165"]
[BlackElo "2250"]
[PlyCount "88"]
[EventDate "1995.??.??"]
[EventType "team-tourn"]
[EventRounds "9"]
[EventCountry "ESP"]
[SourceTitle "EXT 2000"]
[Source "ChessBase"]
[SourceDate "1999.11.16"]
[SourceVersion "1"]
[SourceVersionDate "1999.11.16"]
[SourceQuality "1"]

1. e4 e6 2. d4 d5 3. e5 c5 4. c3 Bd7 5. Nf3 Qb6 6. a3 cxd4 7. cxd4 Bb5 8. Bxb5+ Qxb5 9. Nc3 Qa6 10. Qa4+ Qxa4 11. Nxa4 Nc6 12. b4 Nge7 13. Be3 Rc8 14. Kd2 b6 15. Rhc1 f6 16. Nb2 fxe5 17. dxe5 h6 18. h4 g6 19. Nd4 Kd7 20. f4 Nxd4 21. Bxd4 Rxc1 22. Rxc1 g5 23. fxg5 hxg5 24. hxg5 Rh4 25. Be3 Rg4 26. Rf1 Nf5 27. Rf2 Be7 28. Nd3 Kc6 29. Bf4 Bxg5 30. Bxg5 Rxg5 31. Nf4 Ng7 32. Nd3 d4 33. Re2 Rg4 34. Ne1 Kd5 35. Nd3 Nf5 36. Rf2 Ne3 37. Kc1 Ke4 38. Rd2 Rxg2 39. Rxg2 Nxg2 40. Kd2 Nf4 41. Nc1 Kxe5 42. a4 Kd5 43. a5 Kc4 44. axb6 axb6 0-1

[Event "ESP-chT"]
[Site "Cordoba"]
[Date "1995.??.??"]
[Round "8"]
[White "Mellado Trivino, Juan"]
[Black "Clement Gomez, Jose Antonio"]
[Result "1-0"]
[WhiteElo "2460"]
[BlackElo "2250"]
[PlyCount "97"]
[EventDate "1995.??.??"]
[EventType "team-tourn"]
[EventRounds "9"]
[EventCountry "ESP"]
[SourceTitle "EXT 2000"]
[Source "ChessBase"]
[SourceDate "1999.11.16"]
[SourceVersion "1"]
[SourceVersionDate "1999.11.16"]
[SourceQuality "1"]

1. c4 g6 2. Nc3 Bg7 3. d4 c5 4. dxc5 Na6 5. Nf3 Nxc5 6. g3 Nf6 7. Bg2 0-0 8. 0-0 d6 9. Nd4 a6 10. b4 Ne6 11. Bb2 Qb6 12. Nc2 Nd8 13. a3 Nc6 14. Ne3 Be6 15. Na4 Qa7 16. Nd5 Rad8 17. Nxf6+ exf6 18. Rc1 Rfe8 19. e3 h5 20. h3 f5 21. Bxg7 Kxg7 22. h4 Ne5 23. Nb2 b5 24. cxb5 axb5 25. Rc3 Nc4 26. Nd3 Qe7 27. Nf4 Qf6 28. Ne2 Nb2 29. Qd4 Bc4 30. Rb1 Na4 31. Rxc4 bxc4 32. Bc6 Qxd4 33. Nxd4 Nb6 34. a4 Re5 35. a5 Nc8 36. b5 Rc5 37. Bb7 c3 38. Kf1 d5 39. Ke2 c2 40. Rc1 Na7 41. b6 Nb5 42. a6 Nc3+ 43. Kd2 Na4 44. Rxc2 Rxc2+ 45. Kxc2 Nxb6 46. Kc3 Kf6 47. Kb4 Nc4 48. a7 Nd6 49. Nc6 1-0

[Event "Benidorm op"]
[Site "Benidorm"]
[Date "1991.??.??"]
[Round "5"]
[White "Clement Gomez, Jose Antonio"]
[Black "Westerinen, Heikki MJ"]
[Result "0-1"]
[WhiteElo "2275"]
[BlackElo "2410"]
[PlyCount "78"]
[EventDate "1991.06.??"]
[EventType "swiss"]
[EventRounds "9"]
[EventCountry "ESP"]
[SourceTitle "EXT 1997"]
[Source "ChessBase"]
[SourceDate "1996.11.15"]
[SourceVersion "1"]
[SourceVersionDate "1996.11.15"]
[SourceQuality "1"]

1. d4 d5 2. c4 dxc4 3. Nf3 a6 4. e3 e6 5. Bxc4 Nf6 6. 0-0 c5 7. a4 Nc6 8. Qe2 cxd4 9. Rd1 Qb6 10. exd4 Na5 11. Nbd2 Bb4 12. Bd3 Bxd2 13. Bxd2 Nb3 14. a5 Qd6 15. Ra3 Nxd2 16. Nxd2 Bd7 17. Nc4 Qe7 18. Qe5 Bc6 19. Nd6+ Kf8 20. Re1 Nd5 21. Bc4 Rd8 22. Ne4 Qb4 23. Nc5 Qxc4 24. Nxe6+ fxe6 25. Rf3+ Nf6 26. Rxf6+ gxf6 27. Qxf6+ Ke8 28. Qxh8+ Kd7 29. Qxh7+ Kc8 30. Qg6 Rxd4 31. h3 Be4 32. Qg8+ Rd8 33. Qf7 Bd5 34. Re3 Qc1+ 35. Kh2 Qxb2 36. Qe7 Rg8 37. Rg3 Rxg3 38. Qc5+ Kd7 39. Kxg3 Qg7+ 0-1

[Event "Mar del Plata"]
[Site "Mar del Plata"]
[Date "1990.??.??"]
[Round "2"]
[White "Clement Gomez, Jose Antonio"]
[Black "Servat, Roberto"]
[Result "0-1"]
[WhiteElo "2295"]
[BlackElo "2455"]
[PlyCount "73"]
[EventDate "1990.??.??"]
[EventType "tourn"]
[EventRounds "9"]
[EventCountry "ARG"]
[EventCategory "4"]
[SourceTitle "CBM 020"]
[Source "ChessBase"]
[SourceDate "1991.02.01"]
[SourceVersion "1"]
[SourceVersionDate "1991.02.01"]
[SourceQuality "1"]

1. d4 Nf6 2. c4 g6 3. Nc3 Bg7 4. e4 d6 5. Nf3 0-0 6. Be2 e5 7. 0-0 Nc6 8. d5 Ne7 9. Nd2 a5 10. Qc2 Ne8 11. Rb1 Bd7 12. b3 f5 13. f3 f4 14. a3 c5 15. g4 fxg3 16. hxg3 g5 17. Kg2 Ng6 18. b4 axb4 19. axb4 Nf4+ 20. gxf4 gxf4 21. Rh1 Qg5+ 22. Kf1 Qg3 23. bxc5 Rf6 24. Rxb7 Bc8 25. Re7 Kf8 26. cxd6 Nxd6 27. Rc7 Rg6 28. Rxc8+ Nxc8 29. c5 Qg2+ 30. Ke1 Qxh1+ 31. Nf1 Qh4+ 32. Kd2 Qf2 33. Nb5 Rg2 34. Kd3 Ra5 35. Kc4 Qxf1 36. Nc3 Qf2 37. Kb4 0-1

[Event "Mar del Plata"]
[Site "Mar del Plata"]
[Date "1990.??.??"]
[Round "5"]
[White "Tempone, Marcelo"]
[Black "Clement Gomez, Jose Antonio"]
[Result "1-0"]
[WhiteElo "2390"]
[BlackElo "2295"]
[PlyCount "81"]
[EventDate "1990.??.??"]
[EventType "tourn"]
[EventRounds "9"]
[EventCountry "ARG"]
[EventCategory "4"]
[SourceTitle "CBM 020"]
[Source "ChessBase"]
[SourceDate "1991.02.01"]
[SourceVersion "1"]
[SourceVersionDate "1991.02.01"]
[SourceQuality "1"]

1. d4 Nf6 2. c4 c5 3. d5 b5 4. cxb5 a6 5. Nc3 g6 6. e4 d6 7. bxa6 Qa5 8. Bd2 Bxa6 9. Be2 Bg7 10. Nf3 0-0 11. 0-0 Nbd7 12. h3 Rfb8 13. Rb1 Ne8 14. a4 Bxe2 15. Qxe2 Rb3 16. Bg5 Rab8 17. Nd1 Qxa4 18. Bxe7 Qb5 19. Qxb5 R3xb5 20. Nd2 R5b7 21. Bh4 Bxb2 22. Nxb2 Rxb2 23. Rxb2 Rxb2 24. Nc4 Rb4 25. Rc1 Nb6 26. Nxb6 Rxb6 27. Ra1 Rb4 28. f3 f5 29. Ra8 Kf8 30. Bg3 Rb6 31. e5 dxe5 32. Bxe5 Rb1+ 33. Kh2 Rd1 34. d6 c4 35. Rd8 Kf7 36. Rd7+ Kf8 37. Rxh7 Nxd6 38. Rd7 c3 39. Rxd6 c2 40. Bf4 g5 41. Rc6 1-0